000 00292nam a22001217a 4500
008 160518b xxu||||| |||| 00| 0 eng d
020 _a9780071749466
020 _a0071749462
041 _aeng
080 _a617
245 _aNeuro-ophthalmology:
_cAshok Garg; Emanuel Rosen;
942 _2udc
_cBK
999 _c2158
_d2158